| 000 | 00897nam a22002057a 4500 | ||
|---|---|---|---|
| 003 | OSt | ||
| 005 | 20250917092709.0 | ||
| 008 | 240228b ||||| |||| 00| 0 eng d | ||
| 040 | _c0 | ||
| 082 | _aDPer 621.317 Ie21 June 2022 v. 37 n. 6 | ||
| 100 |
_aCheng, Xiangpeng. _eauthor. _953709 |
||
| 245 |
_aAccurate small-signal modeling and stability analysis of wide-input buck converter considering modulation waveform ripples / _cXiangpeng Cheng, Jinjun Liu, and Zeng Liu. |
||
| 260 |
_aNew York ; _bThe Institute of Electrical and Electronics Engineers, Inc. , _cJune 2022. |
||
| 300 |
_aVolume 37, pages 6962-6971 : _billustration ; _c29 cm. |
||
| 500 | _aIEEE Transactions on Power Electronics, vol. 37, no. 6, pages 6962-6971, June 2022. | ||
| 700 |
_aCheng, Xiangpeng. _eauthor. _953709 |
||
| 700 |
_aLiu, Jinjun. _eauthor. _953710 |
||
| 700 |
_aLiu, Zeng. _eauthor. _953711 |
||
| 942 |
_2ddc _cPER |
||
| 999 |
_c19442 _d19442 |
||